|
|
|
|
| LEADER |
01948nam a22004815i 4500 |
| 001 |
978-3-540-31477-6 |
| 003 |
DE-He213 |
| 005 |
20151116134242.0 |
| 007 |
cr nn 008mamaa |
| 008 |
100806s2005 gw | s |||| 0|eng d |
| 020 |
|
|
|a 9783540314776
|9 978-3-540-31477-6
|
| 024 |
7 |
|
|a 10.1007/b83344
|2 doi
|
| 040 |
|
|
|d GrThAP
|
| 050 |
|
4 |
|a QD415-436
|
| 072 |
|
7 |
|a PNN
|2 bicssc
|
| 072 |
|
7 |
|a SCI013040
|2 bisacsh
|
| 082 |
0 |
4 |
|a 547
|2 23
|
| 245 |
1 |
4 |
|a The Chemistry of Pheromones and Other Semiochemicals II
|h [electronic resource] :
|b -/- /
|c edited by Stefan Schulz.
|
| 246 |
3 |
|
|a with contributions by numerous experts
|
| 264 |
|
1 |
|a Berlin, Heidelberg :
|b Springer Berlin Heidelberg,
|c 2005.
|
| 300 |
|
|
|a XII, 333 p.
|b online resource.
|
| 336 |
|
|
|a text
|b txt
|2 rdacontent
|
| 337 |
|
|
|a computer
|b c
|2 rdamedia
|
| 338 |
|
|
|a online resource
|b cr
|2 rdacarrier
|
| 347 |
|
|
|a text file
|b PDF
|2 rda
|
| 490 |
1 |
|
|a Topics in Current Chemistry,
|x 0340-1022 ;
|v 240
|
| 505 |
0 |
|
|a W.S. Leal: Pheromone Reception -- J.G. Millar: Pheromones of True Bugs -- W. Francke, K. Dettner: Chemical Signalling in Beetles -- P. Laurent, J.-C. Braekman, D. Daloze: Insect Chemical Defense -- B.V. Burger: Mammalian Semiochemicals -- S.R. Chhabra, B. Philipp, L. Eberl, M. Givskov, P. Williams, M. Cámara: Extracelluar Communication in Bacteria.
|
| 650 |
|
0 |
|a Chemistry.
|
| 650 |
|
0 |
|a Organic chemistry.
|
| 650 |
|
0 |
|a Agriculture.
|
| 650 |
|
0 |
|a Biochemistry.
|
| 650 |
1 |
4 |
|a Chemistry.
|
| 650 |
2 |
4 |
|a Organic Chemistry.
|
| 650 |
2 |
4 |
|a Biochemistry, general.
|
| 650 |
2 |
4 |
|a Agriculture.
|
| 700 |
1 |
|
|a Schulz, Stefan.
|e editor.
|
| 710 |
2 |
|
|a SpringerLink (Online service)
|
| 773 |
0 |
|
|t Springer eBooks
|
| 776 |
0 |
8 |
|i Printed edition:
|z 9783540213086
|
| 830 |
|
0 |
|a Topics in Current Chemistry,
|x 0340-1022 ;
|v 240
|
| 856 |
4 |
0 |
|u http://dx.doi.org/10.1007/b83344
|z Full Text via HEAL-Link
|
| 912 |
|
|
|a ZDB-2-CMS
|
| 950 |
|
|
|a Chemistry and Materials Science (Springer-11644)
|